Rebobinado de motores asincrónicos
Zapisane w:
| 1. autor: | |
|---|---|
| Format: | Książka |
| Język: | hiszpański |
| Wydane: |
Barcelona
José Montesó
1961
|
| Hasła przedmiotowe: | |
| Etykiety: |
Dodaj etykietę
Nie ma etykietki, Dołącz pierwszą etykiete!
|
MARC
| LEADER | 00000nam a2200000 a 4500 | ||
|---|---|---|---|
| 001 | UCU5345 | ||
| 003 | CL-VaPUC | ||
| 008 | 960531e19610000SP |||||||||||||||||spa|d | ||
| 082 | 0 | 4 | |a 621.313 |b SOL |2 21 |
| 100 | 0 | |a Solomaniuck, G |e author |9 363314 | |
| 245 | 1 | 0 | |a Rebobinado de motores asincrónicos |
| 300 | |a 163 p | ||
| 942 | |c BK | ||
| 945 | |d 19960531 00:00:00 |a paguirre | ||
| 260 | |a Barcelona |b José Montesó |c 1961 | ||
| 650 | 0 | |a Motores eléctricos |9 260085 | |
| 650 | 7 | |a BOBINAS ELECTRICAS |2 CL-VaPUC |9 363315 | |
| 650 | 0 | |a Electricidad |9 260222 | |
| 650 | 7 | |a POTENCIA |2 CL-VaPUC |9 363316 | |
| 650 | 0 | |a Energía eléctrica |9 256678 | |
| 583 | |a last modification |c 19960531 00:00:00 |k Rodrigo Vera | ||
| 999 | |c 248740 |d 248738 | ||
| 952 | |0 0 |1 0 |4 0 |6 621_313000000000000_SOL_1961 |7 0 |8 A |9 265561 |a BIBING |b BIBING |d 2019-11-19 |i 1671839 |o 621.313 SOL 1961 |p 1671839 |r 2025-01-20 |w 2019-11-19 |y BK |k EIE | ||